Statistics for Sao Tome and Principe Fact Quiz

Click here to take the quiz!

General Stats

  • This quiz has been taken 7 times
  • The average score is 9 of 21

Answer Stats

Name ThisCountry Fact% Correct
Tallest mountainPico Sao Tome
100%
Capital citySao Tome
100%
Largest islandSao Tome
100%
ContinentAfrica
86%
Close countryGabon
86%
Official languagePortuguese
86%
Main religionRoman Catholicism
86%
Close countryEquatorial Guinea
71%
Bordering gulfGulf of Guinea
71%
2nd largest islandPrincipe
71%
Biggest exportCocoa
14%
Coat of arms animalRed-Footed Falcon
14%
Bordering bightBight of Bonny
0%
CurrencyDobra
0%
PresidentEvaristo Carvalho
0%
Coat of arms animalGrey Parrot
0%
Prime MinisterJorge Bom Jesus
0%
UN Geoscheme regionMiddle Africa
0%
Longest riverRio Io Grande
0%
National anthemTotal Independence
0%
2nd biggest cityTrindade
0%

Score Distribution

Percentile by Number Answered

Percent of People with Each Score

Your Score History

You have not taken this quiz